Statistiques concernant MES 10 ACTEURS FAVORIS

Cliquez ici pour prendre le quiz!

Statistiques générales

  • Ce quiz a été pris 37 fois
  • Le résultat moyen est 4 sur 10

Statistiques - réponses

HintRéponse% Correct
Mon Beau Père Et Moi, The Intern, MalavitaRobert DeNiro
69%
Un Homme A La Hauteur, Le Retour Du Héros, Le DaimJean Dujardin
64%
The Place Beyond The Pines, Crazy Stupid Love, Danny BalintRyan Gosling
44%
Dragon Rouge, La 25ème Heure, Peur PrimaleEdward Norton
39%
Shame, Inglorious Basterds, PrometheusMichael Fassbender
39%
Le Bonheur Des Uns..., Mon Ket, Rien A DéclarerFrancois Damiens
36%
True Romance, Le 5ème Element, Darkest HourGary Oldman
33%
Simone, Un Après-Midi De Chien, Donnie BrascoAl Pacino
31%
Death Proof, 3000 Miles To GraceLand, BreakdownKurt Russell
14%
This Is The End, Funny People, Pinneaple ExpressSeth Rogen
14%

Distribution des résultats

Percentile par nombre de réponses

% des personnes avec chaque résultat

Votre développement - résultats

Vous n’avez pas pris ce quiz